00431cam a22001337a 4500008004000000020001500040082001500055100001600070245011900086260002700205300001000232650002900242650002600271180718b1997 xxu||||| |||| 00| 0 eng d a8125904999 aI513 Sh28s aShaw, Rajiv aSurviving tomorrow: turnaround strategies and perspectives in organisational design and developmentcby Rajiv Shaw aNew DelhibVikasc1997 a156p. aOrganizational sociology aOrganizational change